000 00935nam a2200289 a 4500
999 _c1491
_d1491
001 1491
003 Mx-PuUPA
005 20240410103430.0
008 140415s1975 ag r 000 0 spa d
040 _aMx-PuUPA
_bspa
_cMx-PuUPA
_dMx-PuUPA
_erda
041 1 _aspa
_heng
100 1 _aHatch, Elvin,
_d1937-
_eautor
_97700
240 1 0 _aTheories of man and culture.
_lEspañol
245 1 0 _aTeorías del hombre y de la cultura /
_cElvin Hatch ; traducción Aníbal G. Leal
250 _aPrimera edición
264 4 _aBuenos Aires :
_bProlam,
_c©175
300 _a337 páginas ;
_c23 cm.
336 _atexto
_2rdacontent
_btxt
337 _asin medio
_2rdamedia
_bn
338 _avolumen
_2rdacarrier
_bnc
650 4 _aSociología
700 1 _aLeal, Aníbal G.,
_etraductor
765 1 8 _aHatch, Elvin
_tTheories of man and culture
942 _2ddc
_cLI
_h302.2
_iH361